zpět

Detail výsledku týmu

U7, Zlín

Datum a čas kvízu

27 Celkem bodů Celkový počet nahraných bodů na tomto kvízu bez doplňovacích otázek.
3. Pořadí na kvízu Konečné umístění týmu na tomto kvízu.

Zaznamenané odpovědi

# Otázka Odpověď Body Výsledky
1. Minulý týden byla spuštěna rek... Pokáč 1
2. Americká novinářská asociace v... Air Force One 1
3. V úterý začal vysílat v Česku... Warner TV 0
4. Od 1. 4. 2024 se mění podmínky... A 0
5. Německý fotbalový svaz bude mu... čísla 44 0
6. Nobelovu cenu za objev krevníc... Jan Janský 0
7. Ve kterém orgánu lidského těla... ve slezině 0
8. Vyberte nepravdivé tvrzení: B 0
9. Hemofilie je geneticky podmíně... Alexej; chromozom X 0
10. Uveďte rodové jméno zvířete, p... makak (makak rhesus) 0